000 00695nam a2200193 a 4500
003 0
005 20250625105526.0
008 021118s19uu xx 00 eng d
050 _aPHS BF 1611
_b.C34 1998
100 _aCafuir, Ismelina A.
245 _aPerception of young people towards superstitious beliefs /
_cIsmelina A. Cafuir.
260 _aLas PiƱas City, Philippines :
_bSouthville International School and Colleges,
_c1998.
300 _a32 pages :
_billustrations ;
_c29 cm.
504 _aIncludes bibliographical references.
650 _aSuperstition
_xPsychology.
650 _aSuperstition
_xSocial aspects.
650 _aYoung adults
_xBeliefs and practices.
942 _2lcc
_cPASS
999 _c96223
_d96223